| 000 | 00445nam a2200169Ia 4500 | ||
|---|---|---|---|
| 008 | 151213s9999 xx 000 0 und d | ||
| 020 | _a978-81-203-3146-4 | ||
| 100 | _aFred R. David | ||
| 245 |
_aStrategic Management ( Concept & Coses) _cFred R. David |
||
| 250 | _a7th | ||
| 260 |
_aIndia,New Delhi _bPrentic Hall _c2007 |
||
| 300 | _a9254 p. | ||
| 650 | _aManagement | ||
| 650 | _aManagement | ||
| 700 | _aFred R. David | ||
| 999 |
_c4720 _d4720 |
||